000 00639nam a2200229Ia 4500
005 20250508164343.0
008 008 250505s9999 xx 000 0 eng d
020 _a978-0-521-68325-8
037 _aTextual
040 _aFEDL
_beng
_cFEDL
041 _aeng
_2eng
084 _a418, RIC
_qFEDL
100 _aRichards Jack C.
245 0 _aApproaches and methods in language teaching
250 _a2nd
260 _aCambridge
_bCambridge University Press
_c2007
300 _a270p.
490 _aCambridge Language Teaching Library
650 _aEducation
942 _cTEXL
_h418, RIC
999 _c1388681
_d1388681